Bayerisches Hauptstaatsarchiv, Reichskammergericht
| Titel: | Bayerisches Hauptstaatsarchiv, Reichskammergericht |
|---|---|
| Teil: | 19. Nr. 8027-8429 (Buchstabe O) |
| Beteiligt: | |
| Veröffentlicht: | München : Generaldirektion der Staatlichen Archive Bayerns, 2013 |
| Umfang: | XI, 539 S. |
| Format: | Buch |
| Sprache: | Sprache nicht angegeben |
| Schriftenreihe/ mehrbändiges Werk: |
Bayerisches Hauptstaatsarchiv, Reichskammergericht ; 19 alle Bände anzeigen
Bayerische Archivinventare ; 50,19 |
| ISBN: | 9783938831243 |
alg: 44208054 001A $03036:30-01-19 001B $01999:31-01-19 $t19:19:49.000 001D $03036:30-01-19 001U $0utf8 001X $00 002@ $0Afx 003@ $0442080549 004A $A978-3-938831-24-3 007A $0442080549 $aHEB 007T $0ArchMa02868+19=19 011@ $a2013 021A $aNr. 8027-8429 (Buchstabe O) 028C $aMillet $BBearb. $dSusanne 033A $pMünchen $nGeneraldirektion der Staatlichen Archive Bayerns 034D $aXI, 539 S. 036C $aBayerisches Hauptstaatsarchiv, Reichskammergericht $x219 $l19 036D $x219 $8Bayerisches Hauptstaatsarchiv, Reichskammergericht / Generaldirketion der Staatlichen Archive Bayerns $9032247621 036E $aBayerische Archivinventare $l50,19 lok: 44208054 105 exp: 44208054 105 1 #EPN 201B/01 $030-01-19 $t16:29:24.000 201C/01 $030-01-19 201U/01 $0utf8 203@/01 $01042473013 208@/01 $a13-12-18 $be 209A/01 $a/ $f106 $x00 247C/01 $8->Marburg, Bibliographie zum Archivwesen der Archivschule Marburg $939588196X
| LEADER | 00000cam a22000002cc4500 | ||
|---|---|---|---|
| 001 | 442080549 | ||
| 003 | DE-603 | ||
| 005 | 20190131191949.0 | ||
| 007 | tu | ||
| 008 | 190130s2013 xx |||| | u00||u|und c | ||
| 020 | |a 9783938831243 | ||
| 035 | |a (DE-599)HEB442080549 | ||
| 040 | |a DE-603 |b ger |c DE-603 |d DE-603 | ||
| 041 | |a und | ||
| 245 | 0 | 0 | |a Bayerisches Hauptstaatsarchiv, Reichskammergericht |n 19 |p Nr. 8027-8429 (Buchstabe O) |
| 264 | 1 | |a München |b Generaldirektion der Staatlichen Archive Bayerns |c 2013 | |
| 300 | |a XI, 539 S. | ||
| 490 | 0 | |a Bayerische Archivinventare |v 50,19 | |
| 700 | 1 | |a Millet, Susanne |e Bearb. |4 edt | |
| 773 | 0 | 8 | |q 219 |w (DE-603)032247621 |
| 924 | 0 | |9 - |a (DE-603)1042473013 |b DE- |c HES |d d |g / | |
alle Bände anzeigen